00318nam a2200133Ia 45000030006000000080041000060400015000471000026000622450048000882500010001362600009001465460012001550050017001670STCL150530s9999 xx 000 0 und d aSTCLcSTCL aRam Niranjan Tripathy aPublic finance in under developed countries aFirst c1964 aEnglish20220125165538.0